000 00816cam a22002411 4500
001 gs 16000365
003 DLC
005 20260227111319.0
008 760426s1916 pauab s000 0 eng
010 _ags 16000365
035 _a(OCoLC)2140562
040 _aDLC
_cGAT
_dDLC
042 _apremarc
050 0 0 _aTN872.P4
_bA2 1915
110 1 _aPennsylvania.
_bTopographic and Geological Survey Commission.
245 1 0 _aOil and gas map of southwestern Pennsylvania, 1915.
260 _aHarrisburg, Pa.,
_bW. S. Ray, State Printer,
_c1916.
300 _a22 p.
_bdiagrs.
_c23 cm.
500 _aAt head of title: Topographic and Geological Survey of Pennsylvania; Richard R. Hice, State Geologist.
500 _aFolded map laid in.
650 0 _aPetroleum
_zPennsylvania.
650 0 _aNatural gas
_zPennsylvania.
999 _c25660
_d25660